| 000 | 00534nam a2200169Ia 4500 | ||
|---|---|---|---|
| 999 |
_c35480 _d35480 |
||
| 003 | OSt | ||
| 005 | 20201207130849.0 | ||
| 008 | 190216s9999||||xx |||||||||||||| ||und|| | ||
| 040 | _coclc | ||
| 082 |
_a379.1210954 _bPUB/R |
||
| 100 |
_aPublishers _93512 |
||
| 245 | 0 |
_aReport Of The Review Commitee On Ugc Programmes / _cPublishers |
|
| 260 |
_bUniversity Grants Commission, _c1981. _aNew Delhi: |
||
| 300 | _a208p | ||
| 650 | _aGeneral Collections | ||
| 942 |
_cREF _2ddc _h379.1210954 _iPUB/R _k379.1210954 _mPUB/R |
||